Xác định các nguồn gây ô nhiễm không khí trong nhà nhằm đề xuất biện pháp quản lý tại các chung cư : Luận văn Thạc sĩ - Chuyên ngành: Quản lý Tài nguyên và Môi trường

Guardat en:
Dades bibliogràfiques
Autors principals:  Phạm, Hồng Linh Trang,  Xác định các nguồn gây ô nhiễm không khí trong nhà nhằm đề xuất biện pháp quản lý tại các chung cư : Luận văn Thạc sĩ - Chuyên ngành: Quản lý Tài nguyên và Môi trường
Format: Luận văn
Idioma:Undetermined
Publicat:  Đại học Công nghiệp TP. Hồ Chí Minh  2023
Matèries:
Etiquetes: Afegir etiqueta
Sense etiquetes, Sigues el primer a etiquetar aquest registre!
Thư viện lưu trữ: Trung tâm Thư viện - Trường Đại học Công nghiệp TP. Hồ Chí Minh
LEADER 01023nam a2200157Ia 4500
001 UIH_08476
008 241002s9999 xx 000 0 und d
082 |a  628 
100 |a  Phạm, Hồng Linh Trang 
100 |a  Xác định các nguồn gây ô nhiễm không khí trong nhà nhằm đề xuất biện pháp quản lý tại các chung cư : Luận văn Thạc sĩ - Chuyên ngành: Quản lý Tài nguyên và Môi trường 
245 0 |a  Xác định các nguồn gây ô nhiễm không khí trong nhà nhằm đề xuất biện pháp quản lý tại các chung cư : Luận văn Thạc sĩ - Chuyên ngành: Quản lý Tài nguyên và Môi trường 
260 |b  Đại học Công nghiệp TP. Hồ Chí Minh 
260 |c  2023 
650 |a Quản lý môi trường; Ô nhiễm không khí 
927 |a Luận văn 
980 |a Trung tâm Thư viện - Trường Đại học Công nghiệp TP. Hồ Chí Minh